000 00351nam a2200133Ia 4500
008 240624s9999 xx 000 0 und d
041 _aeng
082 _a005.8 SCH
100 _aSCHOU COREY
245 _aINFORMATION ASSURANCE FOR THE ENTERPRISE
260 _c2007
_aBoston
_bMcGraw-Hill/Irwin
300 _axxiii, : 480 : p. : cm. ; 22
365 _c
_b26
999 _c4660
_d4660